000 00610nam a2200217Ia 4500
003 IN-BaIIA
008 211028s9999 xx 000 0 eng d
020 _a0-7503-0497-9
040 _cIIA Library
080 _a524.3-17
_bKIT
100 _aKitchin, C R.
_913740
245 0 _aAstrophysical techniques
_cC. R. Kitchin
250 _a3rd ed.
260 _aBristol
_bInstitute of Physics
_c1998
300 _axiv, 474p.
650 _aAstrometry
650 _aPhotometry
_91839
650 _aSolar studies
_928295
650 _aSpectroscopy
_91535
942 _cBK
999 _c15336
_d15336